Normal view
MARC view
- Poisson, Eric.
Entry Personal Name
001 - CONTROL NUMBER
- control field: 8606
003 - CONTROL NUMBER IDENTIFIER
- control field: NUST
005 - DATE AND TIME OF LATEST TRANSACTION
- control field: 20180118113958.0
008 - FIXED-LENGTH DATA ELEMENTS
- fixed length control field: 180118|| aca||aabn | a|a d
040 ## - CATALOGING SOURCE
- Original cataloging agency: NUST
- Transcribing agency: NUST
100 ## - HEADING--PERSONAL NAME
- Personal name: Poisson, Eric.
670 ## - SOURCE DATA FOUND
- Source citation: Work cat.: (NUST)30322: Poisson, Eric., A relativist's toolkit :, 2004.
